000 00855nam a2200193 a 4500
008 100120s2007 ||||||||||||||||| || u
020 _a9780596529598
050 _aQA 76.76.063 Cul
100 _aCulp, Brian
245 1 0 _aWindows vista administration: the definitive guide.
260 _aCambridge:
_bO'Reilly Media
_c2007
300 _axviii, 780p.: ill.
350 _a0.00
650 _aOPERATING SYSTEMS (COMPUTERS)
650 _aSOFTWARE
650 _aMICROSOFT WINDOWS (COMPUTER FILE)
995 _aMAIN LIBRARY OPEN ACCESS
_D0.00
_e740841
_FCBU-MAIN LIBRARY (Kitwe)
_H1
_I0.00
_jQA 76.76.063 Cul
_M1
_UAVAILABLE
_WMar 17, 2010
_y740841
_ZMain Library Open Access Collection
995 _aMAIN LIBRARY OPEN ACCESS
_D0.00
_e740842
_FCBU-MAIN LIBRARY (Kitwe)
_H1
_I0.00
_jQA 76.76.063 Cul
_M2
_UAVAILABLE
_WMar 17, 2010
_y740842
_ZMain Library Open Access Collection
999 _c83137
_d83137